| 000 | 01068pam a2200277 a 4500 | ||
|---|---|---|---|
| 001 | 1087743 | ||
| 003 | NUST-PNEC | ||
| 005 | 20170116180733.0 | ||
| 008 | 920526s1993 maua 001 0 eng | ||
| 010 | _a 92020775 | ||
| 020 | _a0201522799 | ||
| 040 | _cPNEC | ||
| 050 | 0 | 0 |
_aQA76.73.A35 _bF44 1993 |
| 082 | 0 | 0 |
_a005.133 FEL _220 |
| 100 | 1 | _aFeldman, Michael B. | |
| 245 | 1 | 0 |
_aAda : _bproblem solving and program design / _cMichael B. Feldman, Elliot B. Koffman. |
| 260 |
_aReading, Mass. : _bAddison-Wesley Pub. Co., _cc1993. |
||
| 300 |
_axvii, 795 p. : _bill. ; _c24 cm. |
||
| 500 | _aIncludes index. | ||
| 650 | 0 |
_aAda (Computer program language) _xMIS, EL, EE |
|
| 700 | 1 | _aKoffman, Elliot B. | |
| 856 | _uhttp://www.amazon.com/Problem-Solving-Structured-Programming-ADA/dp/0201522799/ref=sr_1_1?ie=UTF8&qid=1416385883&sr=8-1&keywords=0201522799 | ||
| 906 |
_a7 _bcbc _corignew _d1 _eocip _f19 _gy-gencatlg |
||
| 942 |
_2ddc _cBK |
||
| 999 |
_c61848 _d61848 |
||